Busiest Cargo Ports in Europe (2023) - Statistics

General Stats
  • This quiz has been taken 88 times
  • The average score is 8 of 15
Answer Stats
Total container traffic (1000 TEU) Country Answer % Correct
13,447 The Netherlands Rotterdam
96%
7,700 Germany Hamburg
93%
12,515 Belgium Antwerp-Bruges
90%
3,280 Spain Barcelona
90%
4,804 Spain Valencia
80%
2,741 Italy Ports of Genoa
74%
1,331 France Marseille
70%
2,051 Poland Gdansk
65%
2,630 France HAROPA
45%
4,181 Germany Bremerhaven
41%
5,100 Greece Piraeus
33%
4,733 Spain Algeciras
23%
3,549 Italy Gioia Tauro
10%
1,665 Portugal Sines
5%
2,800 Malta Marsaxlokk
1%
No matching quizzes found
Score Distribution
Percent of People with Each Score
Percentile by Number Answered
Your Score History
You have not taken this quiz